| 000 | 00943nam a22002655i 4500 | ||
|---|---|---|---|
| 001 | 160287 | ||
| 003 | ES-MaACL | ||
| 005 | 20250714063115.0 | ||
| 008 | 040920s1888 fr acf |||| | fre d | ||
| 040 |
_aCAM _bspa _cCAM |
||
| 080 | _a159.962 | ||
| 100 | 1 |
_aMoutin, Lucien, _d1854-1913 _eaut _9130257 |
|
| 245 | 1 | 3 |
_aLe nouvel hypnotisme / _cpar L. Moutin ; [ilustrations de P. Maurou]. |
| 260 |
_aParis : _bPerrin et Cie., _c1888 _f(Imp. E. Capiomont et C.) |
||
| 300 |
_a220 páginas, [3] hojas de láminas : _bilustraciones ; _c19 cm. |
||
| 490 | 1 | _aBibliothèque acadèmique | |
| 594 | _aDatos de il. y serie tomados de cub. | ||
| 650 | 0 | 4 |
_aHipnosis. _913363 |
| 700 | 1 |
_9241272 _aMaurou, Paul, _d1848-1931 _eill |
|
| 830 | 0 |
_aBibliothèque acadèmique _9222037 |
|
| 852 |
_aES-MaACL _cSVI _fSello Roda _hDonativo Roda _jD-1005 |
||
| 942 |
_2udc _cMONANT _n0 |
||
| 999 |
_c160287 _d160287 |
||